| Поле | Инд. | ПП | Название | Значение |
|---|---|---|---|---|
| Тип записи | a | |||
| Библиографический уровень | b | |||
| 001 | Контрольный номер | RU/IS/BASE/235048004 | ||
| 005 | Дата корректировки | 20200522191126.2 | ||
| 040 | b | Код языка каталог. | rus | |
| e | Правила каталог. | PSBO | ||
| 041 | 0_ | a | Код языка текста | rus |
| 084 | a | Индекс другой классификации/Индекс ББК | 83.3(2=411.2)6 | |
| 100 | 1_ | a | Автор | Руднева Е. Г. |
| 245 | 11 | a | Заглавие | "Я не думал о религиозном - тогда..." |
| b | Продолж. заглавия | (О жанре "Неупиваемой Чаши" И.С. Шмелева) | ||
| 504 | a | Библиография | Библиогр. - Примеч.: с. 80 - 81 | |
| 600 | 14 | a | Персоналии | Шмелев Иван Сергеевич |
| 650 | 04 | a | Основная рубрика | история литературы |
| a | Основная рубрика | литературоведение | ||
| a | Основная рубрика | филологические науки | ||
| 653 | 0_ | a | Ключевые слова | "Неупиваемая Чаша" |
| a | Ключевые слова | XX век | ||
| a | Ключевые слова | жанровая специфика | ||
| a | Ключевые слова | жанровые особенности | ||
| a | Ключевые слова | жанрообразование | ||
| a | Ключевые слова | жанры | ||
| a | Ключевые слова | жития | ||
| a | Ключевые слова | религиозная литература | ||
| a | Ключевые слова | религия | ||
| a | Ключевые слова | романы | ||
| a | Ключевые слова | русская литература | ||
| a | Ключевые слова | русское зарубежье | ||
| 773 | 0_ | t | Заглавие источника | Вестник Московского университета. Серия 9, Филология |
| d | Дата издания источника | 2007 | ||
| g | Прочая информация | № 1. - С. 74 - 81 | ||
| w | Контрольный № источника | RU/IS/BASE/229700507 | ||
| 901 | t | Тип документа | b |